| 000 | 00770nam a2200241 a 4500 | ||
|---|---|---|---|
| 001 | 13863 | ||
| 003 | BD-JhCC | ||
| 005 | 20240425130925.0 | ||
| 008 | 230516s2023 b |||| |||| 000 0 b d | ||
| 020 | _a9789849773146 | ||
| 035 | _a(BD-JhCC)13863 | ||
| 040 |
_aBD-JhCC _dBD-JhCC |
||
| 041 | _abengali | ||
| 082 |
_a158.12 _bTRA 2023 |
||
| 100 | _a ট্রেসি ,ব্রায়ান | ||
| 245 |
_aইট দ্যাট ফ্রগ / _c ব্রায়ান ট্রেসি,অনু: লিপি রহমান। |
||
| 260 |
_aঢাকা : _bশব্দশিল্প, _c2023. |
||
| 300 |
_a111 p. : _c22 cm. |
||
| 650 | _aSelf-development and meditation | ||
| 700 | _aরহমান, লিপি | ||
| 942 |
_2ddc _cBK |
||
| 999 |
_c13863 _d13863 |
||